|
|
|
|
| LEADER |
01055nam a2200289 a 4500 |
| 001 |
5978 |
| 003 |
BD-DhAAL |
| 005 |
20150606124153.0 |
| 008 |
150606s1985 nyua b 001 0 eng |
| 010 |
|
|
|a 84025096
|
| 020 |
|
|
|a 0070651612 :
|c $33.95
|
| 040 |
|
|
|a DLC
|c DLC
|d DLC
|d BD-DhAAL
|
| 050 |
0 |
0 |
|a QA76.6
|b .T734 1985
|
| 082 |
0 |
0 |
|a 001.64/2
|2 19
|
| 100 |
1 |
|
|a Tremblay, Jean-Paul,
|d 1938-
|9 11706
|
| 245 |
1 |
4 |
|a The theory and practice of compiler writing /
|c Jean-Paul Tremblay, Paul G. Sorenson.
|
| 260 |
|
|
|a New York :
|b McGraw-Hill,
|c c1985.
|
| 300 |
|
|
|a xix, 796 p. :
|b ill. ;
|c 25 cm.
|
| 490 |
|
|
|a McGraw-Hill computer science series
|
| 504 |
|
|
|a Includes bibliographies and indexes.
|
| 541 |
|
|
|e 5978
|
| 650 |
|
0 |
|a Computer programming.
|9 7577
|
| 650 |
|
0 |
|a Compilers (Computer programs)
|9 11707
|
| 700 |
1 |
|
|a Sorenson, P. G.
|9 11708
|
| 942 |
|
|
|2 ddc
|c BK
|
| 999 |
|
|
|c 34616
|d 34616
|
| 952 |
|
|
|0 0
|1 0
|2 ddc
|4 0
|6 001_642000000000000_TRE
|7 0
|9 54056
|a SCL
|b SCL
|c GEN
|d 2015-06-06
|e Gift: The Asia Foundation
|l 0
|o 001.642 TRE
|p 3020005978
|r 2015-06-06
|t 1
|w 2015-06-06
|y BK
|